00674cam a2200217 a 4500001000800000005001700008008004100025010001700066020002200083040001800105041000800123080001700131082002100148100000700169101000800176245008200184906004500266942001200311999001700323952011600340240766320180302052051.0870923s1987 nyua 001 0 eng  a 86060631  a0312071167 (pbk.) aDLCcDLCdDLC aeng a808.0427 KEN00a808.0427 KEN2201 a25 aEDU14aThe Bedford guide for college writers /cX.J. Kennedy and Dorothy M. Kennedy. a7bcbccorignewd2eopcnf19gy-gencatlg 2ddccBK c43998d43998 00102udc40708PËKGa002b002cPËKGd2018-03-02l0o808.0427 KENp002-3000502r2018-03-02w2018-03-02yBK